000 00424nam a2200181Ia 4500
001 10593
005 20260306161843.0
008 260306t1985||||xx |||||||||||||| ||spa||
041 _aESP
082 _a943.031
_bJ77
100 _aJover, José María
_eAUT
245 0 _aCarlos V y los españoles
260 _c1985
300 _a296 páginas :
_c20 cm.
650 _aGEN
654 _aCHU
942 _cLIB
_dJUS
_fJUS
_2ddc
_n
999 _c10593
_d10593